Objective Economic & Social Development: (Record no. 192964)

MARC details
000 -LEADER
fixed length control field 00687nam a22001937a 4500
005 - DATE AND TIME OF LATEST TRANSACTION
control field 20221012112017.0
010 ## - LCCN (DPL NO)
LC control number B-745945
020 ## - INTERNATIONAL STANDARD BOOK NUMBER
International Standard Book Number 9789352667710
Terms of availability 250.00
035 ## - SYSTEM CONTROL NUMBER
System control number B-745945
037 ## - SOURCE OF ACQUISITION
Source of stock number/acquisition Prabhat Paperbacks
082 ## - DEWEY DECIMAL CLASSIFICATION NUMBER
Classification number 000
100 ## - MAIN ENTRY--PERSONAL NAME
Personal name Udaybhan Singh
245 ## - TITLE STATEMENT
Title Objective Economic & Social Development:
Remainder of title paper-1 general studies for civil services preliminary examination/
Statement of responsibility, etc Udaybhan Singh
260 ## - PUBLICATION, DISTRIBUTION, ETC. (IMPRINT)
Place of publication, distribution, etc New Delhi
Name of publisher, distributor, etc Prabhat Paperbacks
Date of publication, distribution, etc 2018
270 ## - ADDRESS
Address 4/19 Asaf Ali Road,
City New Delhi
Postal code 110092
300 ## - PHYSICAL DESCRIPTION
Extent 293p.
Dimensions 24cm (pbk)
942 ## - ADDED ENTRY ELEMENTS (KOHA)
Source of classification or shelving scheme Dewey Decimal Classification
Item type English Books
Call number suffix UDA
Classification part 000
Holdings
Withdrawn status Lost status Not for loan Collection code Home library Current library Date acquired Source of acquisition Cost, normal purchase price Full call number Barcode Copy number Cost, replacement price Koha item type Public note
      Non-fiction Central Library Central Library 12/10/2022 6.10.22/Gift 250.00 000 UDA B-745945 1 250.00 English Books Gift

© Delhi Public Library
Hit Counter
free hit counter